| 000 | 00537nam a2200193 a 4500 | ||
|---|---|---|---|
| 005 | 20240203063600.0 | ||
| 008 | 040216s2000 mx r 000 0 spa d | ||
| 020 | _a9686851275 | ||
| 035 | _aUPN01000131925 | ||
| 049 | _aCG | ||
| 050 | 4 |
_aHQ1154 _bH5.3 |
|
| 100 | 1 |
_aHierro Pérezcastro, Graciela, _d1928-2003 _937836 |
|
| 245 | 1 | 1 |
_a"Gracias a la vida..." / _cGraciela Hierro Pérezcastro |
| 260 |
_aMéxico : _bDEMAC, _c2000. |
||
| 300 | _a79 p. | ||
| 500 | _aPremio DEMAC 1999-2000 | ||
| 650 | 4 |
_aFeminismo _98967 |
|
| 905 | _aLibro | ||
| 999 |
_c104080 _d104080 |
||